Statistics for ♫ The Thirteen Original Colonies ♫

Click here to take the quiz!

General Stats

  • This quiz has been taken 87 times
  • The average score is 11 of 13

Answer Stats

HintAnswer% Correct
1653North Carolina
98%
1607Virginia
96%
1663South Carolina
96%
1664New York
94%
1636Rhode Island
89%
1732Georgia
87%
1620Massachusetts
85%
1638Delaware
85%
1634Maryland
81%
1682Pennsylvania
81%
1623New Hampshire
79%
1664New Jersey
79%
1635Connecticut
74%

Score Distribution

Percentile by Number Answered

Percent of People with Each Score

Your Score History

You have not taken this quiz